Statistics for Days of the Week in 15 Seconds*

Click here to take the quiz!

General Stats

  • This quiz has been taken 25 times
  • The average score is 6 of 7

Answer Stats

HintAnswer% Correct
2Monday
100%
3Tuesday
100%
1Sunday
93%
5Thursday
87%
4Wednesday
87%
6Friday
80%
7Saturday
73%

Score Distribution

Percentile by Number Answered

Percent of People with Each Score

Your Score History

You have not taken this quiz